| 000 | 01235cam a22003615a 4500 | ||
|---|---|---|---|
| 001 | 015849064 | ||
| 003 | OSt | ||
| 005 | 20201128024259.0 | ||
| 006 | a||||f ||z 00| 0 | ||
| 008 | 110802t2012 njua frd 001 0 eng d | ||
| 020 | _a9780132566759 | ||
| 020 | _a0132566753 | ||
| 020 | _a9780131390362 (computer optical disc) | ||
| 020 | _a0131390368 (computer optical disc) | ||
| 040 |
_aStDuBDS _beng _cStDuBDS _dUk _dEG-ScBUE |
||
| 082 | 0 | 4 |
_a004.16 _222 _bEVA |
| 100 | 1 |
_aEvans, Alan _q(Alan D.) |
|
| 245 | 1 | 0 |
_aTechnology in action. _pComplete / _cAlan Evans, Kendall Martin, Mary Anne Poatsy. |
| 250 | _a8th ed., International ed. | ||
| 260 |
_aUpper Saddle River : _bPearson Education, _cc.2012. |
||
| 300 |
_axxxi, 685 p. : _bill. (chiefly col.) ; _c28 cm. + _e2 CD-ROM (4 3/4 in.) |
||
| 500 | _aPrevious ed.: Upper Saddle River, N.J.: Pearson Education, 2011. | ||
| 500 | _aGlossary : p. 647-666. | ||
| 500 | _aIndex : p. 667-680. | ||
| 650 | 7 |
_aMicrocomputers. _2BUEsh _93877 |
|
| 650 | 7 |
_aComputer networks. _2BUEsh _91660 |
|
| 650 | 7 |
_aInformation technology. _2BUEsh _95620 |
|
| 651 | _2BUEsh | ||
| 653 |
_bCOMSCI _bGGEN _cMarch2018 |
||
| 700 | 1 | _aMartin, Kendall. | |
| 700 | 1 | _aPoatsy, Mary Anne. | |
| 942 | _2ddc | ||
| 999 |
_c26301 _d26273 |
||